Images Naruto - Statistiques

Statistiques générales
  • Ce quiz a été pris 2 219 fois
  • Le résultat moyen est 12 sur 13
Statistiques - réponses
Par images Réponse % Correct
Gaara
100%
Naruto
100%
Sasuke
100%
Hinata
98%
Itachi
98%
Obito
98%
Orochimaru
97%
Deidara
93%
Kisame
89%
Sasori
86%
Konan
85%
Zetsu
84%
Haku
74%
Aucun quiz correspondant
Distribution des résultats
% des personnes avec chaque résultat
Percentile par nombre de réponses
Votre historique - résultats
Vous n’avez pas pris ce quiz